00329nam a2200133Ia 4500008004100000041000800041082001500049100003400064245003300098250000600131260003800137300001100175650000900186210716s1987 xx 000 0 und d aeng a005.2 SMIB aSmith, Bud E;Johnson, Mark T. aProgramming the intel 80386. a1 aNew DelhibBPB Publicationsc1987 axv,346 aNone